Skutočnosť v umení : výber z estetických štúdií a kritik /

Hlavní autor: Diderot, Denis, 1713-1784
Jazyk: Slovenština
Vydáno: Bratislava : Slovenský spisovateľ, 1959
Vydání: 1. vyd.
Edice: Umenie a život
Fyzický popis: 384 s.
Knihy
Uloženo v:
LEADER 00723nam a22002292a 4500
001 000137715
003 CZ BrMZK
005 20140915105021.0
007 ta
008 950101s1959 xo f slo d
040 |a BOA001  |b cze 
100 1 |a Diderot, Denis,  |d 1713-1784  |7 jn19990001750  |4 aut 
245 1 0 |a Skutočnosť v umení :  |b výber z estetických štúdií a kritik /  |c Denis Diderot 
250 |a 1. vyd. 
260 |a Bratislava :  |b Slovenský spisovateľ,  |c 1959 
300 |a 384 s. 
490 1 |a Umenie a život ;  |v zv. 12 
830 0 |a Umenie a život 
910 |a BOA001  |b 2-0431.597 
990 |a BK 
991 |b 201408 
996 7 |b 2619959264  |c 2-0431.597  |l MZK  |r Sklad / do 24 hodin  |n 17  |w 000137715  |u 000010  |a 1  |e BOA001  |j MZK50  |s A